Drummer of which band #2? - Statistics

General Stats
  • This quiz has been taken 49 times
  • The average score is 7 of 20
Answer Stats
Drummer Band % Correct
Dave Grohl Nirvana
89%
Tommy Lee Mötley Crüe
74%
Don Henley Eagles
70%
Pete Best The Beatles
70%
Peter Criss KISS
63%
Roger Taylor Queen
63%
Bill Ward Black Sabbath
52%
Nicko McBrain Iron Maiden
48%
Vinnie Paul Pantera
35%
Danny Carey Tool
26%
Nick Menza Megadeth
20%
Brad Wilk Rage Against the Machine
20%
Jimmy Chamberlin The Smashing Pumpkins
20%
Herman "Ze German" Rarebell Scorpions
15%
John Dolmayan System of a Down
15%
Cozy Powell Rainbow
13%
Scott Travis Judas Priest
11%
George Kollias Nile
9%
Sean Kinney Alice in Chains
4%
Gas Lipstick HIM
2%
No matching quizzes found
Score Distribution
Percent of People with Each Score
Percentile by Number Answered
Your Score History
You have not taken this quiz